[Event "Nizhnij Novgorod Dubinin Memorial 22nd"]
[Site "Nizhnij Novgorod"]
[Date "2015.??.??"]
[Round "2"]
[White "Tarasov, Valery"]
[Black "Voitsekhovsky, Stanislav"]
[Result "0-1"]
[WhiteElo "1948"]
[BlackElo "2503"]
[PlyCount "76"]
[EventDate "2015.01.03"]
[EventType "swiss"]
[EventRounds "9"]
[EventCountry "RUS"]
[SourceTitle "CBM 164 Extra"]
[Source "ChessBase"]
[SourceDate "2015.03.02"]
[SourceVersion "1"]
[SourceVersionDate "2015.03.02"]
[SourceQuality "1"]

1. Nf3 g6 2. e4 c5 3. c4 Bg7 4. Nc3 Nc6 5. Be2 e6 6. d3 Nge7 7. Bg5 h6 8. Be3 Nd4 9. Qd2 d6 10. h4 a6 11. Rb1 Nec6 12. Bf4 f5 13. g3 Nxe2 14. Qxe2 e5 15. Bd2 0-0 16. Nh2 Nd4 17. Qd1 b5 18. b3 Ra7 19. Be3 Raf7 20. Rb2 Nc6 21. f3 f4 22. Bf2 fxg3 23. Bxg3 Nd4 24. Rf2 Qa5 25. Qd2 Nxf3+ 26. Nxf3 Rxf3 27. Rxf3 Rxf3 28. Bf2 Bg4 29. Rh2 Kh7 30. Nd5 b4 31. Rg2 Bh5 32. Rg3 Rf7 33. Be3 Qd8 34. Qh2 a5 35. Qh3 a4 36. Qh2 axb3 37. axb3 Ra7 38. Rg2 Ra1+ 0-1

[Event "Nizhnij Novgorod Dubinin Memorial 22nd"]
[Site "Nizhnij Novgorod"]
[Date "2015.??.??"]
[Round "4"]
[White "Zakharov, Aleksej"]
[Black "Voitsekhovsky, Stanislav"]
[Result "0-1"]
[WhiteElo "2336"]
[BlackElo "2503"]
[PlyCount "62"]
[EventDate "2015.01.03"]
[EventType "swiss"]
[EventRounds "9"]
[EventCountry "RUS"]
[SourceTitle "CBM 164 Extra"]
[Source "ChessBase"]
[SourceDate "2015.03.02"]
[SourceVersion "1"]
[SourceVersionDate "2015.03.02"]
[SourceQuality "1"]

1. d4 Nf6 2. c4 e6 3. Nf3 d5 4. Nc3 c6 5. cxd5 exd5 6. Bg5 Be7 7. Qc2 0-0 8. e3 Ne4 9. Nxe4 dxe4 10. Bxe7 Qxe7 11. Nd2 Bf5 12. Be2 Nd7 13. Rc1 Rfe8 14. a3 Rad8 15. b4 a6 16. Nb3 Nf8 17. Nc5 Rd6 18. a4 Rg6 19. g3 Bh3 20. Bf1 Bxf1 21. Rxf1 h5 22. h4 Nh7 23. Qb3 Rd6 24. a5 Nf6 25. Na4 Ng4 26. Rc5 Nh2 27. Rh1 Nf3+ 28. Kd1 Ne5 29. Kc2 Ng4 30. Rxh5 Qf6 31. Rd1 Qxf2+ 0-1

[Event "Kaluga Tsiolkovsky Memorial op"]
[Site "Kaluga"]
[Date "2013.08.10"]
[Round "8"]
[White "Voitsekhovsky, Stanislav"]
[Black "Danin, Alexandre"]
[Result "1/2-1/2"]
[WhiteElo "2514"]
[BlackElo "2598"]
[PlyCount "28"]
[EventDate "2013.08.03"]
[EventType "swiss"]
[EventRounds "9"]
[EventCountry "RUS"]
[SourceTitle "CBM 156 Extra"]
[Source "ChessBase"]
[SourceDate "2013.10.22"]
[SourceVersion "1"]
[SourceVersionDate "2013.10.22"]
[SourceQuality "1"]

1. e4 c6 2. d4 d5 3. exd5 cxd5 4. c4 Nf6 5. Nc3 Nc6 6. Nf3 g6 7. cxd5 Nxd5 8. Qb3 Nxc3 9. Bc4 e6 10. bxc3 Bg7 11. Ba3 Bf8 12. Bc1 Bg7 13. Ba3 Bf8 14. Bc1 Bg7 1/2-1/2

[Event "Kaluga Tsiolkovsky Memorial op"]
[Site "Kaluga"]
[Date "2013.08.09"]
[Round "7"]
[White "Kostin, Sergei Anatolievich"]
[Black "Voitsekhovsky, Stanislav"]
[Result "0-1"]
[WhiteElo "2320"]
[BlackElo "2514"]
[PlyCount "52"]
[EventDate "2013.08.03"]
[EventType "swiss"]
[EventRounds "9"]
[EventCountry "RUS"]
[SourceTitle "CBM 156 Extra"]
[Source "ChessBase"]
[SourceDate "2013.10.22"]
[SourceVersion "1"]
[SourceVersionDate "2013.10.22"]
[SourceQuality "1"]

1. d4 e6 2. c4 f5 3. g3 Nf6 4. Bg2 Be7 5. Nf3 0-0 6. 0-0 d6 7. Nc3 a5 8. b3 Qe8 9. Re1 Ne4 10. Nxe4 fxe4 11. Nd2 d5 12. f3 Bb4 13. fxe4 dxc4 14. Nxc4 Bxe1 15. Qxe1 Nc6 16. Bb2 e5 17. d5 Nd4 18. Qd2 Qh5 19. Re1 c5 20. e3 Nf3+ 21. Bxf3 Qxf3 22. Nxe5 Qxe4 23. d6 Bh3 24. Qe2 Rf5 25. Nd3 g5 26. Ba1 Raf8 0-1

[Event "Kaluga Tsiolkovsky Memorial op"]
[Site "Kaluga"]
[Date "2013.08.07"]
[Round "5"]
[White "Nozdrachev, Leonid"]
[Black "Voitsekhovsky, Stanislav"]
[Result "0-1"]
[WhiteElo "2389"]
[BlackElo "2514"]
[PlyCount "66"]
[EventDate "2013.08.03"]
[EventType "swiss"]
[EventRounds "9"]
[EventCountry "RUS"]
[SourceTitle "CBM 156 Extra"]
[Source "ChessBase"]
[SourceDate "2013.10.22"]
[SourceVersion "1"]
[SourceVersionDate "2013.10.22"]
[SourceQuality "1"]

1. e4 c5 2. Nf3 e6 3. c3 Nf6 4. e5 Nd5 5. d4 cxd4 6. Qxd4 Nc6 7. Qe4 d6 8. Nbd2 dxe5 9. Nxe5 Bd6 10. Bb5 0-0 11. Nxc6 bxc6 12. Bxc6 Rb8 13. Nf3 Ba6 14. Ng5 Nf6 15. Qc2 Qa5 16. Ne4 Qe5 17. f4 Qf5 18. Qa4 Rb6 19. Be3 Rxb2 20. Qxa6 Nxe4 21. Qd3 Nxc3 22. Qxf5 Re2+ 23. Kf1 exf5 24. Bxa7 Rc2 25. a4 Rc8 26. Bd7 Rc4 27. g3 g6 28. Bb6 Nd5 29. Bf2 Bc5 30. Bxc5 Rxc5 31. a5 Ne3+ 32. Ke1 Rb2 33. a6 Nc2+ 0-1

[Event "Kaluga Tsiolkovsky Memorial op"]
[Site "Kaluga"]
[Date "2013.08.06"]
[Round "4"]
[White "Voitsekhovsky, Stanislav"]
[Black "Bragin, Alexander"]
[Result "1-0"]
[WhiteElo "2514"]
[BlackElo "2353"]
[PlyCount "75"]
[EventDate "2013.08.03"]
[EventType "swiss"]
[EventRounds "9"]
[EventCountry "RUS"]
[SourceTitle "CBM 156 Extra"]
[Source "ChessBase"]
[SourceDate "2013.10.22"]
[SourceVersion "1"]
[SourceVersionDate "2013.10.22"]
[SourceQuality "1"]

1. e4 c5 2. Nf3 d6 3. d4 cxd4 4. Nxd4 Nf6 5. Nc3 a6 6. Be3 e5 7. Nb3 Be7 8. Qd2 Be6 9. 0-0-0 Nbd7 10. f4 exf4 11. Bxf4 Ne5 12. Nd4 Rc8 13. Nf5 Bxf5 14. exf5 Qa5 15. Kb1 0-0 16. Nd5 Qxd5 17. Qxd5 Nxd5 18. Rxd5 Rfd8 19. Be2 f6 20. Be3 Rc6 21. Rhd1 Rdc8 22. c3 g6 23. Rf1 Nf7 24. g4 g5 25. Rfd1 Kg7 26. h3 Re8 27. Bf2 Bf8 28. Bf1 Be7 29. R5d4 Rc7 30. a4 Rh8 31. Be2 Re8 32. Bg3 Bf8 33. Bf1 Be7 34. Bg2 h5 35. Rb4 hxg4 36. hxg4 Rb8 37. Bd5 a5 38. Re4 1-0

[Event "Kaluga Tsiolkovsky Memorial op"]
[Site "Kaluga"]
[Date "2013.08.04"]
[Round "2"]
[White "Voitsekhovsky, Stanislav"]
[Black "Tsapulin, Anatoly"]
[Result "1/2-1/2"]
[WhiteElo "2514"]
[BlackElo "2205"]
[PlyCount "58"]
[EventDate "2013.08.03"]
[EventType "swiss"]
[EventRounds "9"]
[EventCountry "RUS"]
[SourceTitle "CBM 156 Extra"]
[Source "ChessBase"]
[SourceDate "2013.10.22"]
[SourceVersion "1"]
[SourceVersionDate "2013.10.22"]
[SourceQuality "1"]

1. e4 e6 2. d4 d5 3. Nc3 Bb4 4. e5 c5 5. Qg4 Ne7 6. dxc5 Qa5 7. Bd2 Nbc6 8. Nf3 Ng6 9. Bd3 Qxc5 10. 0-0 Bxc3 11. bxc3 Nce7 12. Rab1 Qc7 13. Rfe1 Bd7 14. Nd4 0-0 15. Qh5 a6 16. Bg5 Bb5 17. Bxg6 Nxg6 18. Re3 Bd7 19. Rh3 h6 20. Bf6 Nf4 21. Qg4 Nxh3+ 22. gxh3 g6 23. Qh4 h5 24. Qf4 Kh7 25. Nf3 Qc4 26. Ng5+ Kg8 27. Ne4 Kh7 28. Rb4 Qe2 29. Ng5+ Kg8 1/2-1/2

[Event "Kaluga Tsiolkovsky Memorial op"]
[Site "Kaluga"]
[Date "2013.08.03"]
[Round "1"]
[White "Moiseev, Nikolai V"]
[Black "Voitsekhovsky, Stanislav"]
[Result "0-1"]
[WhiteElo "1995"]
[BlackElo "2514"]
[PlyCount "59"]
[EventDate "2013.08.03"]
[EventType "swiss"]
[EventRounds "9"]
[EventCountry "RUS"]
[SourceTitle "CBM 156 Extra"]
[Source "ChessBase"]
[SourceDate "2013.10.22"]
[SourceVersion "1"]
[SourceVersionDate "2013.10.22"]
[SourceQuality "1"]

1. e4 c5 2. Nf3 e6 3. d4 cxd4 4. Nxd4 Nc6 5. Nc3 Qc7 6. Be2 a6 7. 0-0 Nf6 8. a3 Nxd4 9. Qxd4 Bd6 10. Kh1 Be5 11. Qd3 b5 12. Bd2 Bb7 13. Bf3 0-0 14. g3 Rfd8 15. Bg2 d5 16. exd5 Nxd5 17. Nxd5 Bxd5 18. Bxd5 Rxd5 19. Qe4 Rc8 20. Bf4 Bxf4 21. Qxf4 Qxf4 22. gxf4 Rxc2 23. Rac1 Rdd2 24. Kg2 Rxf2+ 25. Rxf2 Rxc1 26. Rd2 g6 27. Kf3 Kf8 28. Ke3 Ke7 29. Kf3 h6 30. Ke4 0-1

[Event "RUS-ch Higher League 66th"]
[Site "Ekaterinburg"]
[Date "2013.06.27"]
[Round "7"]
[White "Voitsekhovsky, Stanislav"]
[Black "Ponkratov, Pavel"]
[Result "0-1"]
[WhiteElo "2523"]
[BlackElo "2605"]
[PlyCount "94"]
[EventDate "2013.06.20"]
[EventType "swiss"]
[EventRounds "9"]
[EventCountry "RUS"]
[SourceTitle "CBM 155"]
[Source "ChessBase"]
[SourceDate "2013.07.16"]
[SourceVersion "1"]
[SourceVersionDate "2013.07.16"]
[SourceQuality "1"]

1. e4 e6 2. d4 d5 3. Nc3 Bb4 4. e5 c5 5. Qg4 Ne7 6. dxc5 Nbc6 7. Bd2 0-0 8. Nf3 Ng6 9. Bd3 Qc7 10. 0-0 Ngxe5 11. Bxh7+ Kxh7 12. Qh5+ Kg8 13. Ng5 Re8 14. Qh7+ Kf8 15. Qh8+ Ke7 16. Qxg7 Kd8 17. Rae1 Qe7 18. Rxe5 Nxe5 19. Qxe5 f6 20. Qg3 Rg8 21. h4 Bxc5 22. Re1 fxg5 23. Bxg5 Rxg5 24. hxg5 Bd6 25. Qh4 Qg7 26. Nb5 Bc5 27. g6+ Kd7 28. Qh7 Bf8 29. Nd4 Kd6 30. Qh2+ e5 31. Nf3 Kc7 32. Nxe5 Bd6 33. Qh5 Be6 34. Nf7 Bxf7 35. gxf7 Rf8 36. Qxd5 Rxf7 37. Re3 Qf8 38. Qa5+ Kb8 39. Qb5 Be7 40. Qe5+ Ka8 41. a3 a6 42. b4 Bd8 43. Re2 Rd7 44. c4 Qh6 45. Qe8 Qc6 46. Qe6 Rd1+ 47. Kh2 Bc7+ 0-1

[Event "Nezhmetdinov Memorial 35th"]
[Site "Kazan"]
[Date "2013.06.08"]
[Round "9"]
[White "Vorobiov, Evgeny E"]
[Black "Voitsekhovsky, Stanislav"]
[Result "1-0"]
[WhiteElo "2583"]
[BlackElo "2523"]
[PlyCount "109"]
[EventDate "2013.05.31"]
[EventType "swiss"]
[EventRounds "9"]
[EventCountry "RUS"]
[SourceTitle "CBM 154 Extra"]
[Source "ChessBase"]
[SourceDate "2013.06.25"]
[SourceVersion "2"]
[SourceVersionDate "2013.06.25"]
[SourceQuality "1"]

1. e4 d6 2. d4 Nf6 3. Nc3 c6 4. f4 Qa5 5. Bd3 e5 6. Nf3 exd4 7. Nxd4 g6 8. Nf3 Bg7 9. 0-0 Bg4 10. Qe1 Bxf3 11. Rxf3 Nbd7 12. Bd2 Qc7 13. Kh1 0-0 14. Qh4 Rae8 15. Raf1 b5 16. f5 Ne5 17. Rh3 h5 18. Bg5 Nh7 19. f6 Bh8 20. Be2 Nxg5 21. Qxg5 Nd7 22. Bxh5 Nxf6 23. Bg4 Re5 24. Rxh8+ Kxh8 25. Qxf6+ Kg8 26. b4 a5 27. a3 axb4 28. axb4 Qe7 29. Qxe7 Rxe7 30. Kg1 Ra8 31. Rd1 Ra3 32. Rd3 Re5 33. Be2 Ra1+ 34. Kf2 Rc1 35. Bd1 c5 36. bxc5 dxc5 37. Nxb5 Rxe4 38. Nc3 Re5 39. Re3 Rf5+ 40. Ke2 Ra1 41. Kd2 Rf2+ 42. Re2 Rf1 43. Re8+ Kg7 44. Bf3 Ra7 45. Ne4 f5 46. Nxc5 g5 47. h3 Ra5 48. Re7+ Kf6 49. Re6+ Kf7 50. Rc6 g4 51. Bd5+ Kg7 52. hxg4 fxg4 53. c4 Ra3 54. Nd3 Rfa1 55. Be4 1-0

[Event "Nezhmetdinov Memorial 35th"]
[Site "Kazan"]
[Date "2013.06.04"]
[Round "5"]
[White "Bulatov, Ramil"]
[Black "Voitsekhovsky, Stanislav"]
[Result "1/2-1/2"]
[WhiteElo "2221"]
[BlackElo "2523"]
[PlyCount "81"]
[EventDate "2013.05.31"]
[EventType "swiss"]
[EventRounds "9"]
[EventCountry "RUS"]
[SourceTitle "CBM 154 Extra"]
[Source "ChessBase"]
[SourceDate "2013.06.25"]
[SourceVersion "2"]
[SourceVersionDate "2013.06.25"]
[SourceQuality "1"]

1. d4 Nf6 2. c4 c5 3. d5 b5 4. cxb5 a6 5. bxa6 g6 6. Nc3 Bxa6 7. Nf3 d6 8. e4 Bxf1 9. Kxf1 Bg7 10. g3 0-0 11. Kg2 Nbd7 12. a4 Qa5 13. Bd2 Qb4 14. Nb5 Qxe4 15. Re1 Qxd5 16. Nc7 Qc6 17. Nxa8 e5 18. Nc7 Qxc7 19. b4 e4 20. Ng5 Qb7 21. Be3 Nd5 22. Rb1 cxb4 23. Bd4 Nc3 24. Bxc3 Bxc3 25. Re3 Qc6 26. Nxe4 Nf6 27. Qxd6 Qa8 28. f3 Nxe4 29. Rxe4 Qxa4 30. Qd3 Qc6 31. Qc4 Qd7 32. Qe2 Rd8 33. Rbxb4 Bxb4 34. Rxb4 h5 35. h4 Qc6 36. Rb2 Qc3 37. Rc2 Qd4 38. Ra2 Qd3 39. Qxd3 Rxd3 40. Rb2 Kg7 41. Ra2 1/2-1/2

[Event "Nizhnij Novgorod op"]
[Site "Nizhnij Novgorod"]
[Date "2012.10.12"]
[Round "7"]
[White "Voitsekhovsky, Stanislav"]
[Black "Belenov, Dmitry N"]
[Result "1/2-1/2"]
[WhiteElo "2549"]
[BlackElo "2372"]
[PlyCount "35"]
[EventDate "2012.10.06"]
[EventType "swiss"]
[EventRounds "9"]
[EventCountry "RUS"]
[SourceTitle "EXT 2013"]
[Source "ChessBase"]
[SourceDate "2012.11.22"]
[SourceVersion "1"]
[SourceVersionDate "2012.11.22"]
[SourceQuality "1"]

1. e4 e6 2. d4 d5 3. e5 c5 4. c3 Qb6 5. Nf3 Bd7 6. Bd3 Bb5 7. dxc5 Bxc5 8. 0-0 Bxd3 9. Qxd3 Nd7 10. b4 Bf8 11. Na3 Ne7 12. Be3 Qd8 13. Bg5 h6 14. Bh4 Qb6 15. c4 Nc6 16. Qb3 Nxb4 17. Rfd1 Bc5 18. Nc2 1/2-1/2

[Event "Privolzhskogo FO-ch"]
[Site "Kazan"]
[Date "2012.03.02"]
[Round "5"]
[White "Uraev, Ivan"]
[Black "Voitsekhovsky, Stanislav"]
[Result "0-1"]
[WhiteElo "2218"]
[BlackElo "2549"]
[PlyCount "74"]
[EventDate "2012.02.26"]
[EventType "swiss"]
[EventRounds "9"]
[EventCountry "RUS"]
[SourceTitle "CBM 147 Extra"]
[Source "ChessBase"]
[SourceDate "2012.04.24"]
[SourceVersion "1"]
[SourceVersionDate "2012.04.24"]
[SourceQuality "1"]

1. e4 c5 2. Nf3 d6 3. d4 cxd4 4. Nxd4 Nf6 5. Nc3 a6 6. h3 e5 7. Nde2 h5 8. g3 Be7 9. Bg2 b5 10. Be3 Bb7 11. Qd2 Nbd7 12. a4 b4 13. Nd5 Nxd5 14. exd5 a5 15. 0-0 Ba6 16. Rfe1 0-0 17. Rac1 Rc8 18. b3 h4 19. g4 Bxe2 20. Qxe2 Bg5 21. Bxg5 Qxg5 22. Qa6 Nc5 23. Qxd6 Nd3 24. Rcd1 Nxe1 25. Rxe1 Rxc2 26. Qxe5 Qxe5 27. Rxe5 Rc3 28. d6 Rd8 29. Bd5 Rxd6 30. Kg2 g6 31. g5 Kf8 32. Bc4 Rd2 33. Re4 Rg3+ 34. Kf1 Rxg5 35. Rxh4 Rf5 36. f4 Rh5 37. Rg4 Rxh3 0-1

[Event "Privolzhskogo FO-ch"]
[Site "Kazan"]
[Date "2012.02.27"]
[Round "1"]
[White "Tokarev, Ilya"]
[Black "Voitsekhovsky, Stanislav"]
[Result "1/2-1/2"]
[WhiteElo "2288"]
[BlackElo "2549"]
[PlyCount "66"]
[EventDate "2012.02.26"]
[EventType "swiss"]
[EventRounds "9"]
[EventCountry "RUS"]
[SourceTitle "CBM 147 Extra"]
[Source "ChessBase"]
[SourceDate "2012.04.24"]
[SourceVersion "1"]
[SourceVersionDate "2012.04.24"]
[SourceQuality "1"]

1. c4 c5 2. Nc3 g6 3. g3 Bg7 4. Bg2 Nc6 5. Nf3 e5 6. 0-0 Nge7 7. d3 0-0 8. Ne1 a6 9. Nc2 Rb8 10. a4 d6 11. Rb1 a5 12. Ne3 Nb4 13. Bd2 Be6 14. Ncd5 f5 15. Nxe7+ Qxe7 16. Bxb4 axb4 17. Nd5 Qd8 18. e3 h5 19. h4 Bf7 20. f4 Re8 21. Kh2 Kh7 22. Qc2 exf4 23. exf4 Bxd5 24. Bxd5 Qf6 25. Rf2 Re7 26. Re2 b6 27. Rbe1 Rbe8 28. Rxe7 Rxe7 29. Rxe7 Qxe7 30. b3 Qe1 31. Bf3 Bd4 32. Qe2 Qxe2+ 33. Bxe2 Bg7 1/2-1/2

[Event "Privolzhskogo FO-ch"]
[Site "Togliatti"]
[Date "2011.03.17"]
[Round "8"]
[White "Voitsekhovsky, Stanislav"]
[Black "Ponfilenok, Vladimir"]
[Result "1/2-1/2"]
[WhiteElo "2553"]
[BlackElo "2428"]
[PlyCount "65"]
[EventDate "2011.03.10"]
[EventType "swiss"]
[EventRounds "9"]
[EventCountry "RUS"]
[SourceTitle "CBM 141 Extra"]
[Source "ChessBase"]
[SourceDate "2011.05.03"]
[SourceVersion "1"]
[SourceVersionDate "2011.05.03"]
[SourceQuality "1"]

1. e4 e6 2. d4 d5 3. Nc3 Bb4 4. e5 c5 5. a3 Bxc3+ 6. bxc3 Qa5 7. Bd2 Qa4 8. Qb1 c4 9. h4 Nc6 10. h5 Bd7 11. Nf3 h6 12. g3 0-0-0 13. Bg2 Kb8 14. Qb2 Rc8 15. Rb1 b6 16. 0-0 Nge7 17. Qc1 Kb7 18. Nh4 Rh7 19. f4 g6 20. hxg6 fxg6 21. Qb2 Rg8 22. Nf3 Nf5 23. Kf2 h5 24. Rh1 Nh6 25. Ng5 Re7 26. Bf3 Rf8 27. Rbg1 Rg7 28. Ke2 Rc8 29. Kd1 Qa5 30. Be1 Qa4 31. Bd2 Qa5 32. Be1 Qa4 33. Bd2 1/2-1/2

[Event "Privolzhskogo FO-ch"]
[Site "Togliatti"]
[Date "2011.03.12"]
[Round "3"]
[White "Filipenko, Alexander V"]
[Black "Voitsekhovsky, Stanislav"]
[Result "0-1"]
[WhiteElo "2344"]
[BlackElo "2553"]
[PlyCount "74"]
[EventDate "2011.03.10"]
[EventType "swiss"]
[EventRounds "9"]
[EventCountry "RUS"]
[SourceTitle "CBM 141 Extra"]
[Source "ChessBase"]
[SourceDate "2011.05.03"]
[SourceVersion "1"]
[SourceVersionDate "2011.05.03"]
[SourceQuality "1"]

1. e4 c5 2. Nf3 d6 3. d4 cxd4 4. Nxd4 Nf6 5. Nc3 a6 6. g3 e5 7. Nb3 Be7 8. Bg2 b5 9. Nd5 Nxd5 10. Qxd5 Ra7 11. Be3 Be6 12. Qd2 Rd7 13. 0-0 d5 14. exd5 Bxd5 15. Bxd5 Rxd5 16. Qe2 0-0 17. Rfd1 Nc6 18. a4 bxa4 19. Rxd5 Qxd5 20. Rxa4 Nb4 21. Ra5 Qe4 22. c3 Qb1+ 23. Kg2 Nd3 24. Bc5 Ne1+ 25. Kh3 h5 26. Bxe7 Qf5+ 27. g4 hxg4+ 28. Qxg4 Qd3+ 29. Qg3 Qd7+ 30. Qg4 Qxe7 31. Nc5 Rd8 32. Qe2 Qf6 33. Qxe1 Qf3+ 34. Kh4 f6 35. Ne6 Rd3 36. Qf1 g5+ 37. Nxg5 Qf4+ 0-1

[Event "Privolzhskogo FO-ch"]
[Site "Togliatti"]
[Date "2011.03.10"]
[Round "1"]
[White "Pasiev, Rakhim"]
[Black "Voitsekhovsky, Stanislav"]
[Result "0-1"]
[WhiteElo "2304"]
[BlackElo "2553"]
[PlyCount "66"]
[EventDate "2011.03.10"]
[EventType "swiss"]
[EventRounds "9"]
[EventCountry "RUS"]
[SourceTitle "CBM 141 Extra"]
[Source "ChessBase"]
[SourceDate "2011.05.03"]
[SourceVersion "1"]
[SourceVersionDate "2011.05.03"]
[SourceQuality "1"]

1. d4 Nf6 2. Nc3 d5 3. Bg5 Nbd7 4. Qd3 e6 5. e4 dxe4 6. Nxe4 Be7 7. Nxf6+ Nxf6 8. Nf3 0-0 9. 0-0-0 b6 10. Bxf6 Bxf6 11. Qe4 Rb8 12. Bd3 g6 13. Qf4 Bb7 14. Be4 Bxe4 15. Qxe4 Qd6 16. h4 Rbd8 17. h5 c5 18. hxg6 hxg6 19. c3 cxd4 20. Nxd4 Qc5 21. Kb1 Rd5 22. Qf4 Bg7 23. Nb3 Qc6 24. f3 Rfd8 25. Kc2 a5 26. Rxd5 Qxd5 27. Qe4 Qd7 28. Qe2 a4 29. Nd2 a3 30. b3 Bxc3 31. Nc4 Bd4 32. Rd1 b5 33. Nxa3 Qa7 0-1

[Event "Moscow op-E"]
[Site "Moscow"]
[Date "2011.02.06"]
[Round "9"]
[White "Khismatullin, Denis Rimovich"]
[Black "Voitsekhovsky, Stanislav"]
[Result "0-1"]
[WhiteElo "2649"]
[BlackElo "2537"]
[PlyCount "116"]
[EventDate "2011.01.29"]
[EventType "swiss"]
[EventRounds "9"]
[EventCountry "RUS"]
[SourceTitle "CBM 140 Extra"]
[Source "ChessBase"]
[SourceDate "2011.03.01"]
[SourceVersion "1"]
[SourceVersionDate "2011.03.01"]
[SourceQuality "1"]

1. c4 e5 2. Nc3 d6 3. Nf3 f5 4. d4 e4 5. Ng5 Be7 6. Nh3 Nf6 7. g3 0-0 8. Bg2 c6 9. d5 Ng4 10. 0-0 Na6 11. f3 exf3 12. exf3 Ne5 13. b3 Bf6 14. Bd2 Bd7 15. dxc6 bxc6 16. Nf2 Nc5 17. Qc2 Ne6 18. Be3 f4 19. Bd2 Ng6 20. Rae1 Be5 21. Ne2 d5 22. cxd5 cxd5 23. Qd3 Bc6 24. Qa6 Qd7 25. Bh3 Rae8 26. Nxf4 Ngxf4 27. Bxf4 Bb5 28. Qa5 Bxf1 29. Bxe6+ Rxe6 30. Bxe5 Ba6 31. Bd4 Rxe1+ 32. Qxe1 Rxf3 33. Qe5 Rf8 34. Kg2 Re8 35. Qf4 Be2 36. g4 Rf8 37. Qg5 Bf3+ 38. Kg3 Be4 39. Qe5 Re8 40. Qf4 a6 41. b4 Qe7 42. Bc5 Qf6 43. Qxf6 gxf6 44. Kf4 Bc2 45. Be3 Kf7 46. h4 Rc8 47. Bc5 d4 48. Ne4 Bxe4 49. Kxe4 Rg8 50. Kf3 d3 51. Be3 Rc8 52. a4 Rc2 53. b5 axb5 54. axb5 Rb2 55. b6 Ke6 56. Bd4 Rb4 57. Bc5 Rb5 58. Bd4 d2 0-1

[Event "Moscow op-E"]
[Site "Moscow"]
[Date "2011.02.03"]
[Round "6.17"]
[White "Voitsekhovsky, Stanislav"]
[Black "Yandemirov, Valeri"]
[Result "1-0"]
[WhiteElo "2537"]
[BlackElo "2380"]
[PlyCount "113"]
[EventDate "2011.01.29"]
[EventType "swiss"]
[EventRounds "9"]
[EventCountry "RUS"]
[SourceTitle "EXT 2022"]
[Source "ChessBase"]
[SourceDate "2021.10.06"]
[SourceVersion "1"]
[SourceVersionDate "2021.10.06"]
[SourceQuality "1"]

1. e4 e5 2. Nf3 Nc6 3. Bb5 a6 4. Ba4 d6 5. 0-0 Bd7 6. c3 Nf6 7. Re1 Be7 8. d4 0-0 9. Nbd2 Re8 10. Nf1 Bf8 11. Ng3 g6 12. h3 Bg7 13. a3 Qe7 14. b4 a5 15. Bd2 Qf8 16. Bc2 Bh6 17. d5 Ne7 18. c4 axb4 19. axb4 Rxa1 20. Qxa1 Bxd2 21. Nxd2 Ra8 22. Qc3 Qh6 23. Ndf1 Qg5 24. c5 h5 25. Nh2 Ne8 26. Ne2 h4 27. Nf3 Qf6 28. Qe3 Ng7 29. Rc1 Nh5 30. Bd1 Kg7 31. Kh2 Bb5 32. Nc3 Ra3 33. Nd2 Bd7 34. Nc4 Ra8 35. cxd6 cxd6 36. Nb6 Rd8 37. Bg4 Bxg4 38. hxg4 Nf4 39. Nd1 Qg5 40. f3 Ng8 41. Rc7 Nf6 42. Nf2 N6h5 43. Nh3 Nxh3 44. Qxg5 Nxg5 45. gxh5 h3 46. Rc8 Rxc8 47. Nxc8 hxg2 48. Kxg2 gxh5 49. Nxd6 Kf8 50. Nxb7 h4 51. d6 Kg8 52. Nc5 h3+ 53. Kg3 h2 54. Kg2 Nxf3 55. b5 Nd4 56. b6 Nc6 57. b7 1-0

[Event "Nizhnij Novgorod Dubinin Memorial 18th"]
[Site "Nizhnij Novgorod"]
[Date "2011.01.03"]
[Round "?"]
[White "Alenin, Dmitry"]
[Black "Voitsekhovsky, Stanislav"]
[Result "0-1"]
[WhiteElo "2061"]
[BlackElo "2537"]
[PlyCount "30"]
[EventDate "2011.01.03"]
[EventType "swiss"]
[EventRounds "9"]
[EventCountry "RUS"]
[SourceTitle "EXT 2012"]
[Source "ChessBase"]
[SourceDate "2011.11.24"]
[SourceVersion "1"]
[SourceVersionDate "2011.11.24"]
[SourceQuality "1"]

1. d4 Nf6 2. c4 c5 3. d5 b5 4. cxb5 a6 5. b6 e6 6. Nc3 Nxd5 7. Nxd5 exd5 8. Qxd5 Nc6 9. Nf3 Be7 10. e4 0-0 11. Bc4 Rb8 12. 0-0 Na5 13. Bd2 Bb7 14. Qd3 Nxc4 15. Qxc4 d5 0-1

[Event "Nizhnij Novgorod Dubinin Memorial 18th"]
[Site "Nizhnij Novgorod"]
[Date "2011.01.03"]
[Round "?"]
[White "Golovin, Leonid"]
[Black "Voitsekhovsky, Stanislav"]
[Result "1/2-1/2"]
[WhiteElo "2473"]
[BlackElo "2537"]
[PlyCount "24"]
[EventDate "2011.01.03"]
[EventType "swiss"]
[EventRounds "9"]
[EventCountry "RUS"]
[SourceTitle "EXT 2012"]
[Source "ChessBase"]
[SourceDate "2011.11.24"]
[SourceVersion "1"]
[SourceVersionDate "2011.11.24"]
[SourceQuality "1"]

1. d4 d5 2. c4 c6 3. cxd5 cxd5 4. Nc3 Nc6 5. Nf3 Nf6 6. e3 e6 7. Be2 Be7 8. 0-0 0-0 9. Ne5 Nxe5 10. dxe5 Nd7 11. f4 b6 12. Bd3 g6 1/2-1/2

[Event "Izhevsk op-A"]
[Site "Izhevsk"]
[Date "2010.07.22"]
[Round "8"]
[White "Voitsekhovsky, Stanislav"]
[Black "Balashov, Yuri S"]
[Result "1-0"]
[WhiteElo "2524"]
[BlackElo "2400"]
[PlyCount "31"]
[EventDate "2010.07.15"]
[EventType "swiss"]
[EventRounds "9"]
[EventCountry "RUS"]
[SourceTitle "CBM 137 Extra"]
[Source "ChessBase"]
[SourceDate "2010.09.01"]
[SourceVersion "1"]
[SourceVersionDate "2010.09.01"]
[SourceQuality "1"]

1. e4 e6 2. d4 d5 3. Nc3 Bb4 4. e5 b6 5. Bd2 Ne7 6. Qg4 0-0 7. Nf3 Ba6 8. Bxa6 Nxa6 9. 0-0 c5 10. Bg5 Qd7 11. Ne2 Nb8 12. c3 Ba5 13. a3 c4 14. Ng3 Kh8 15. Nh5 Rg8 16. Nf6 1-0